محاضرات من تاريخ الطب
محفوظ في:
المؤلف الرئيسي:
التنسيق: كتاب
اللغة: Undetermined
منشور في:
Alexandria :
matbaeat jamieat aliaskandaria ,
1982.
الوسوم: إضافة وسم
لا توجد وسوم, كن أول من يضع وسما على هذه التسجيلة!
رقم الطلب: R131 .A85
| LEADER | 00374nam a2200121Ia 4500 | ||
|---|---|---|---|
| 008 | 240329s9999||||xx |||||||||||||| ||und|| | ||
| 050 | 4 | |a R131 .A85 | |
| 100 | 1 | |a فهيم أباديس. | |
| 245 | 1 | 0 | |a محاضرات من تاريخ الطب |c فهيم أباديس |
| 264 | 1 | |a Alexandria : |b matbaeat jamieat aliaskandaria , |c 1982. | |
| 300 | |a 154 |c 24 cm. | ||
| 942 | |2 lcc |c BK | ||
| 999 | |c 57614 |d 57614 | ||
